000 00322pab a2200121 454500
008 180718b xxu||||| |||| 00| 0 eng d
100 _aDas Gupta Gurdas
245 _aProfit and welfare: the effect on employment
362 _a2 Apr 1994, p.8
650 _aEmployment (Economic Theory)
773 _aStatesman
909 _a26716
999 _c26716
_d26716